000 00470nam a2200181Ia 4500
008 230524s9999 xx 000 0 und d
020 _a817446417X
082 _a621.382
_bRAO
100 _aT V Rao
_932057
245 0 _aDegree Feedback: Assessment & Development Centres Vol-3
250 _aIST
260 _aNEW DELHI
_bExcel
_c2005
300 _aXI;339
500 _aQuantity Number: 1
650 _aManagement
700 _a Nandini Chawla
_932058
942 _cBK
999 _c45429
_d45429